| 000 | 00599nam a2200181 a 4500 | ||
|---|---|---|---|
| 001 | 1241 | ||
| 003 | CDMR | ||
| 005 | 20131127180132.0 | ||
| 008 | 130130s1965||||||||||||||||||||||||||||d | ||
| 040 |
_aCDMR _bcat _cCDMR |
||
| 100 | 1 |
_aDeutzchmann, Paul _9964 |
|
| 245 | 1 | 0 |
_aEstudio comparativo de doce diarios metropolitanos _cPaul Deutchmann ; traducción de Ramiro Samaniego |
| 260 |
_aQuito _c1965 _bCIESPAL |
||
| 300 | _a123, IV p. | ||
| 490 | 0 |
_aCentro Internacional de Estudios Superiores de Periodismo para América Latina _v30 |
|
| 650 | 0 | 4 |
_9257 _aPremsa _zEstats Units d'Amèrica |
| 942 |
_cMON _2udc |
||
| 999 |
_c1241 _d1241 |
||